Gaming Quiz

Random Gaming or Clickable Quiz
Score 0/30 Timer 06:00
0 Plays Today
% Correct
Pac-Man
87%
Battleship
86.2%
Mario
85.4%
Sonic the Hedgehog
84%
Lara Croft
83.9%
Colonel Mustard
81.3%
Frog
81%
Knight
79.7%
K
77.5%
Link
76.1%
King Kandy
74.8%
Wish Bone
73.5%
Ryu
69.9%
Green Wedge
69.6%
Optimus Prime
67.9%
% Correct
Sir Galahad
67.5%
Iron
61.5%
Dungeon Master
61.1%
Jaffar
60.1%
Blue Bomber
60%
Master Chief Petty Officer of the Navy John-117
59.4%
Tron
52.8%
Dig Dug
50.9%
1 Bamboo
49.2%
Simon Belmont
49.1%
Flag
44.4%
Jill Valentine
41.1%
Dirk the Daring
41%
Mr. X
37.6%
Frans
36.1%
Remove Ads.
Support Sporcle.
Get the best of Sporcle when you Go Orange. This ad-free experience offers more features, more stats, and more fun while also helping to support Sporcle. Thank you for becoming a member.

You're not logged in!

Compare scores with friends on all Sporcle quizzes.
OR
Log In

Show Comments

Extras

Top Quizzes Today


Score Distribution

Your Account Isn't Verified!

In order to create a playlist on Sporcle, you need to verify the email address you used during registration. Go to your Sporcle Settings to finish the process.

Report this User

Report this user for behavior that violates our Community Guidelines.

Details: